言偏の常用漢字 - Statistics

General Stats
  • This quiz has been taken 52 times
  • The average score is 19 of 63
Answer Stats
Answer % Correct
76%
70%
64%
64%
58%
58%
55%
52%
52%
42%
42%
42%
39%
39%
39%
39%
39%
39%
39%
39%
36%
36%
36%
36%
33%
33%
調
33%
33%
30%
30%
30%
27%
27%
27%
27%
27%
24%
24%
21%
21%
21%
21%
18%
18%
18%
18%
18%
15%
15%
12%
12%
12%
12%
12%
12%
12%
12%
9%
9%
9%
6%
6%
3%
No matching quizzes found
Score Distribution
Percent of People with Each Score
Percentile by Number Answered
Your Score History
You have not taken this quiz